Juan José Caamaño y Pardo (1761-1819), conde de Maceda (Record no. 188813)
[ view plain ]
| 000 -LEADER | |
|---|---|
| campo de control de longitud fija | 01118nam a2200265 i 4500 |
| 001 - NÚMERO DE CONTROL | |
| campo de control | 188813 |
| 003 - IDENTIFICADOR DE NÚMERO DE CONTROL | |
| campo de control | SpMaBN |
| 005 - FECHA Y HORA DE LA ÚLTIMA TRANSACCIÓN | |
| campo de control | 20251114124922.0 |
| 008 - DATOS DE LONGITUD FIJA--INFORMACIÓN GENERAL | |
| campo de control de longitud fija | 190215s2001 sp h |||| |bspa d |
| 020 ## - NÚMERO INTERNACIONAL ESTÁNDAR DEL LIBRO | |
| Número Internacional Estándar del Libro | 84-89748-84-5 |
| 080 ## - NÚMERO DE LA CLASIFICACIÓN DECIMAL UNIVERSAL | |
| Número de la Clasificación Decimal Universal | 929:33 Caamaño y Pardo, Juan José |
| 100 1# - ENTRADA PRINCIPAL--NOMBRE DE PERSONA | |
| Nombre de persona | Meijide Pardo, Antonio |
| 9 (RLIN) | 79835 |
| 245 10 - MENCIÓN DEL TÍTULO | |
| Título | Juan José Caamaño y Pardo (1761-1819), conde de Maceda |
| Resto del título | : ilustrado y economista ferrolano / |
| Mención de responsabilidad, etc. | por Antonio Meijide Pardo. |
| 260 ## - PUBLICACIÓN, DISTRIBUCIÓN, ETC. | |
| Lugar de publicación, distribución, etc. | A Coruña : |
| Nombre del editor, distribuidor, etc. | Fundación Pedro Barrié de la Maza, |
| Fecha de publicación, distribución, etc. | 2001. |
| 300 ## - DESCRIPCIÓN FÍSICA | |
| Extensión | 119 p. ; |
| Dimensiones | 23 cm. |
| 490 1# - MENCIÓN DE SERIE | |
| Mención de serie | Ilustrados, sociólogos y economistas gallegos |
| 500 ## - NOTA GENERAL | |
| Nota general | Índice. |
| 600 17 - PUNTO DE ACCESO ADICIONAL DE MATERIA--NOMBRE DE PERSONA | |
| Nombre de persona | Caamaño y Pardo, Juan José, |
| Fechas asociadas al nombre | 1761-1819 |
| Fuente del encabezamiento o término | |
| 9 (RLIN) | 166335 |
| 710 2# - ENTRADA AGREGADA--NOMBRE DE ENTIDAD CORPORATIVA | |
| Nombre de entidad corporativa o nombre de jurisdicción como elemento de entrada | Fundación Pedro Barrié de la Maza, Conde de Fenosa |
| 9 (RLIN) | 176439 |
| 830 00 - PUNTO DE ACCESO ADICIONAL DE SERIE-TÍTULO UNIFORME | |
| Título uniforme | Ilustrados, sociólogos y economistas gallegos |
| 9 (RLIN) | 193139 |
| 852 ## - LOCALIZACIÓN | |
| Ubicación | ES-MaACL |
| Número de control de estantería | A-14347 |
| itemnumber | 195947 |
| Sublocalización o colección | R.151648 |
| Ubicación en estantería | Depósito 1 |
| Signatura antigua | Olim: N-7347 |
| Donativo/Legado | Donación: Fundación Barrié |
| 914 ## - NOMBRE ENTIDAD DE DONANTE | |
| Nombre de congreso/reunión o jurisdicción como elemento de entrada | Fundación Pedro Barrié de la Maza, Conde de Fenosa |
| Unidad subordinada | Donante |
| RLIN | 176439 |
| 942 ## - ELEMENTOS DE ENTRADA SECUNDARIOS (KOHA) | |
| Fuente del sistema de clasificación o colocación | Clasificación decimal universal |
| Tipo de ítem Koha | Libro impreso |
| Estatus retirado | Estado de pérdida | Fuente del sistema de clasificación o colocación | Estado de daño | No para préstamo | Biblioteca de origen | Biblioteca actual | Ubicación en estantería | Fecha de adquisición | Fuente de adquisición | Total de préstamos | Signatura topográfica completa | Código de barras | Visto por última vez | Precio de reemplazo | Tipo de ítem Koha |
|---|---|---|---|---|---|---|---|---|---|---|---|---|---|---|---|
| Clasificación decimal universal | Biblioteca del Ateneo de Madrid | Biblioteca del Ateneo de Madrid | Depósito 1 | 15/02/2019 | Donación | A-14347 | 1199947 | 23/02/2023 | 23/02/2023 | Libro impreso |
